Olympiáda ľudských práv (príručka pre učiteľov)

Bibliographic Details
Corporate Author: Olympiáda ľudských práv Liptovský Mikuláš, Slovensko
Other Authors: Dolník, Viliam, zomrel 2020 (Editor)
Format: Conference Proceeding Book
Language:Slovak
Hungarian
PhysicalDescription:63 s. 21 cm
Published: Liptovský Mikuláš Bratislava OZ Olymp Friedrich Ebert Stiftung 2006
ISBN:8089149111 (brož.)
Edition:[1. vyd.]
Subjects:

MARC

LEADER 00000cam a2200000 a 4500
001 vtls008873911
003 SK-MaSNL
005 20260301080428.0
008 160208s2006 xo g 000 0 slo
015 |a SNBA2006/12-05741 
020 |a 8089149111 (brož.) 
035 |a D9F40F89-695D-4D09-B920-21EAC351F38E 
035 |a urn:nbn:sk:snk-amk76w 
035 |a urn:nbn:sk:snk-am008jsn 
040 |a SNK  |b slo  |c SNK  |e AACR2 
041 0 |a slo  |a hun 
044 |a xo  |c SK 
072 7 |a 342  |x Ústavné právo. Správne právo  |2 konspekt 
080 |a 342.7  |2 2001 
080 |a 373.5/.6+377.1/.3  |2 2001 
080 |a 371.384  |2 2001 
080 |a (041)  |2 2001 
111 2 |a Olympiáda ľudských práv  |n (9. :  |d 2006/2007 :  |c Liptovský Mikuláš, Slovensko)  |9 402114 
245 1 0 |a Olympiáda ľudských práv  |b (príručka pre učiteľov)  |c [editor] Viliam Dolník 
250 |a [1. vyd.] 
260 |a Liptovský Mikuláš  |b OZ Olymp  |a Bratislava  |b Friedrich Ebert Stiftung  |c 2006 
300 |a 63 s.  |c 21 cm 
366 |e 2000 výtl. 
546 |a Čiast. text maď. 
650 0 7 |a ľudské práva  |2 SNKPH  |9 798 
650 0 7 |a stredné školy  |2 SNKPH  |9 1279 
650 0 7 |a súťaže  |2 SNKPH  |9 3301 
650 0 7 |a výchova k ľudským právam  |2 SNKPH  |9 69136 
655 7 |a brožúry  |2 SNKPH  |9 70146 
700 1 |a Dolník, Viliam,  |d zomrel 2020  |4 edt  |9 206545 
919 |a 80-89149-11-1 
958 |a OND 
968 |d 34 
999 |c 653142  |d 655072 
952 |a SNK  |b SNK  |y PREZ  |7 0  |p 17A0528351  |o snkSC 125471  |i snk2006/23313  |8 0  |0 0  |1 0  |4 0  |d 2006-11-08  |f 1  |l 0  |r 2025-06-09 00:00:00  |w 2026-02-23 
952 |a SNK  |b SNK  |y VYP  |7 0  |p 17A0528352  |o snkSC 125471 D1  |i snk2006/23314  |8 0  |0 0  |1 0  |4 0  |d 2006-11-08  |l 0  |r 2026-02-23 18:27:52  |w 2026-02-23